书目信息 |
| 题名: |
中外情诗诗英华
|
|
| 作者: | 杜敏 编 | |
| 分册: | ||
| 出版信息: | 济南 山东文艺出版社 1990.6 |
|
| 页数: | 457页 | |
| 开本: | 20cm | |
| 丛书名: | 爱情文学丛书 | |
| 单 册: | ||
| 中图分类: | I12 | |
| 科图分类: | ||
| 主题词: | 文学--作品集--世界 | |
| 电子资源: | ||
| ISBN: | ||
| 000 | 00567nam0 2200205 45 | |
| 001 | 0312221749 | |
| 005 | 20031222171005.4 | |
| 010 | @dCNY5.00 | |
| 100 | @a20031222d1990 km y0chiy0120 ea | |
| 101 | @achi | |
| 105 | @a z 000yy | |
| 200 | 1 | @a中外情诗诗英华@AZhong Wai Qing Shi Shi Ying Hua@f杜敏编@FDu Min Bian |
| 210 | @a济南@c山东文艺出版社@d1990.6 | |
| 215 | @a457页@d20cm | |
| 225 | 2 | @a爱情文学丛书@f杜贵晨主编 |
| 606 | 0 | @a文学@x作品集@x世界 |
| 690 | @aI12@v3 | |
| 701 | 0 | @a杜敏@4编 |
| 801 | @aCN@bTSTCL@c20031222 | |
| 905 | @a213230@dI12@e175@b238221@f1 | |
| 中外情诗诗英华/杜敏编.-济南:山东文艺出版社,1990.6 |
| 457页;20cm.-(爱情文学丛书/杜贵晨主编) |
| ISBN :CNY5.00 |
| ● |
| 相关链接 |
|
|
|
|
正题名:中外情诗诗英华
索取号:I12/175
 
预约/预借
| 序号 | 登录号 | 条形码 | 馆藏地/架位号 | 状态 | 备注 |
| 1 | 0238221 | 000086043 | 第一样本阅览室/ [索取号:I12/175] | 在馆 |